000 00467nam a2200181Ia 4500
001 11199
005 20260306161928.0
008 260306t2008||||xx |||||||||||||| ||spa||
041 _aESP
082 _a985.019
_bA25 2008
100 _aCuratola Petrocchi, Marco (ed.)
_eAUT
245 0 _aAdivinación y oráculos en el mundo andino antiguo
260 _c2008
300 _a310 páginas :
_c24 cm.
650 _aGEN
654 _aCHU
942 _cLIB
_dJUS
_fJUS
_2ddc
_n
999 _c11199
_d11199